[Event "Pan American-ch School U11 12th"]
[Site "Callao"]
[Date "2023.10.17"]
[Round "4"]
[White "Arrue Rengifo, Amos Aaron"]
[Black "Yupanqui Zapata, Rodrigo"]
[Result "1/2-1/2"]
[WhiteElo "1077"]
[BlackElo "1205"]
[PlyCount "34"]
[EventDate "2023.10.16"]
[EventType "swiss"]
[EventRounds "9"]
[EventCountry "PER"]
[SourceTitle "CB48_2023"]
[SourceDate "2023.11.29"]
[SourceVersion "1"]
[SourceVersionDate "2023.11.29"]
[SourceQuality "1"]

1. d4 Nf6 2. c4 e6 3. Nc3 Bb4 4. Qc2 d5 5. e3 0-0 6. Bd3 Nbd7 7. Nf3 h6 8. 0-0 c5 9. cxd5 exd5 10. b3 cxd4 11. Nxd4 Ne5 12. Be2 Bd7 13. a3 Bxc3 14. Qxc3 Ne4 15. Qb4 b6 16. Bb2 a5 17. Qe1 Nc6 1/2-1/2

[Event "La Paz GP op 3rd"]
[Site "La Paz"]
[Date "2023.08.17"]
[Round "2"]
[White "Colque, Aracely"]
[Black "Yupanqui Zapata, Rodrigo"]
[Result "0-1"]
[WhiteElo "1514"]
[BlackElo "1234"]
[PlyCount "88"]
[EventDate "2023.08.17"]
[EventType "swiss"]
[EventRounds "7"]
[EventCountry "BOL"]
[SourceTitle "EXT 2024"]
[Source "ChessBase"]
[SourceDate "2023.10.10"]
[SourceVersion "1"]
[SourceVersionDate "2023.10.10"]
[SourceQuality "1"]

1. Nf3 c5 2. b3 Nc6 3. Bb2 d5 4. g3 Nf6 5. Bg2 Bf5 6. 0-0 e6 7. d4 Be4 8. dxc5 Bxc5 9. Nc3 0-0 10. Nxe4 dxe4 11. Ng5 e3 12. f3 Qe7 13. a3 Rfd8 14. Qc1 Nd4 15. Bxd4 Bxd4 16. c3 Rac8 17. Ra2 Bxc3 18. Kh1 Bd2 19. Qb1 h6 20. Ne4 Nxe4 21. fxe4 e5 22. b4 Qe6 23. h3 Qg6 24. Kh2 Qe6 25. h4 Qg4 26. Bf3 Qe6 27. Bh5 g6 28. Bf3 Qc4 29. Kh3 h5 30. g4 Rc7 31. gxh5 gxh5 32. Bxh5 Kf8 33. Rf5 Qe6 34. Bg4 Rc1 35. Qb2 Rh1+ 36. Kg3 Be1+ 37. Kf3 Rf1+ 38. Kg2 Rf2+ 39. Kh3 Rxf5 40. exf5 Qe7 41. Kg2 Qxh4 42. Qxe5 Qxg4+ 43. Kh1 Qh3+ 44. Kg1 Bf2# 0-1